000 00632nam a2200157Ia 4500
008 160316s2000 xxu||||| |||| 00| 0 eng d
082 _a333.715300
_bRAN
100 _aRangachari R
245 _aWCD case study: Large dams: India's experience
250 _a
260 _aSouth Africa
_bSecretariate of the World Commission on Dams
_c2000
300 _a231
_b
_c
365 _b
650 _a1. Large dams - national water policy - river 2. Laws - policies - institutions - procedures 3. Financial - economic - distributonal analysis - dams 4. Environmental - social impacts - dams
700 _aSengupta Nirmal
_aIyer Ramaswamy R.
999 _c37164
_d37164